| 000 | 00553 a2200217 4500 | ||
|---|---|---|---|
| 260 | _aLondon | ||
| 100 | _aCROMPTON, Thomas Roy | ||
| 260 | _bAcademic Press | ||
| 245 | _aChemical analysis of organometallic compounds | ||
| 650 | _a<Organometallic compounds-Analysis> | ||
| 260 | _c1973-1974 | ||
| 300 | _bill. ; 24 cm | ||
| 130 | _lFr. | ||
| 440 | _a(The Analysis of organic materiels, 4) | ||
| 035 | _a859 | ||
| 500 | _aIncludes bibliographies | ||
| 020 | _a0-12-197301-8 | ||
| 999 |
_c11885 _d11885 |
||